Bucólicas (Record no. 186119)

MARC details
000 -LEADER
campo de control de longitud fija 01139nam a2200301 i 4500
001 - NÚMERO DE CONTROL
campo de control 186119
003 - IDENTIFICADOR DE NÚMERO DE CONTROL
campo de control SpMaBN
005 - FECHA Y HORA DE LA ÚLTIMA TRANSACCIÓN
campo de control 20230906222610.0
008 - DATOS DE LONGITUD FIJA--INFORMACIÓN GENERAL
campo de control de longitud fija 160909s1990 sp |||| |dspa d
020 ## - NÚMERO INTERNACIONAL ESTÁNDAR DEL LIBRO
Número Internacional Estándar del Libro 84-249-1424-4
080 ## - NÚMERO DE LA CLASIFICACIÓN DECIMAL UNIVERSAL
Número de la Clasificación Decimal Universal 821.124-14"-00"
100 1# - ENTRADA PRINCIPAL--NOMBRE DE PERSONA
Nombre de persona Virgilio Marón, Publio.
9 (RLIN) 115452
245 10 - MENCIÓN DEL TÍTULO
Título Bucólicas
Resto del título ; Geórgicas ; Apéndice virgiliano /
Mención de responsabilidad, etc. P. Virgilio Marón ; introducción general, J.L. Vidal ; traducciones, introducciones y notas por Tomás de la Ascensión Recio García y Arturo Soler Ruiz.
246 30 - FORMA VARIANTE DEL TITULO
Título propio/Titulo breve Geórgicas
246 30 - FORMA VARIANTE DEL TITULO
Título propio/Titulo breve Apéndice virgiliano
260 ## - PUBLICACIÓN, DISTRIBUCIÓN, ETC.
Lugar de publicación, distribución, etc. Madrid :
Nombre del editor, distribuidor, etc. Gredos,
Fecha de publicación, distribución, etc. [1990]
300 ## - DESCRIPCIÓN FÍSICA
Extensión 600 p. ;
Dimensiones 20 cm.
490 1# - MENCIÓN DE SERIE
Mención de serie Biblioteca clásica Gredos ;
Designación de volumen o secuencia 141
500 ## - NOTA GENERAL
Nota general Índice onomástico.
504 ## - NOTA DE BIBLIOGRAFÍA, ETC.
Nota de bibliografía, etc. Bibliografía: p. 135-146.
650 07 - PUNTO DE ACCESO ADICIONAL DE MATERIA--TÉRMINO DE MATERIA
Término de materia o nombre geográfico como elemento de entrada Lengua latina-
Subdivisión de forma Textos.
9 (RLIN) 14307
700 1# - ENTRADA AGREGADA--NOMBRE PERSONAL
Nombre de persona Vidal Pérez, José Luis.
9 (RLIN) 160785
700 1# - ENTRADA AGREGADA--NOMBRE PERSONAL
Nombre de persona Recio, Tomás de la A.
9 (RLIN) 95763
700 1# - ENTRADA AGREGADA--NOMBRE PERSONAL
Nombre de persona Soler Ruiz, Arturo.
9 (RLIN) 160786
830 0# - PUNTO DE ACCESO ADICIONAL DE SERIE-TÍTULO UNIFORME
Título uniforme Biblioteca clásica Gredos ;
Designación de volumen o secuencia 141
9 (RLIN) 177556
852 ## - LOCALIZACIÓN
Ubicación ES-MaACL
Número de control de estantería L-30664
Nota libre - enc. cart.
-- . - Donat. Miguel A. Velasco
Holdings
Estatus retirado Estado de pérdida Estado de daño No para préstamo Biblioteca de origen Biblioteca actual Ubicación en estantería Fecha de adquisición Fuente de adquisición Total de préstamos Signatura topográfica completa Código de barras Visto por última vez Precio de reemplazo Tipo de ítem Koha
        Biblioteca del Ateneo de Madrid Biblioteca del Ateneo de Madrid Depósito 2 09/09/2016     L-30664 1196226 23/02/2023 23/02/2023 Libro impreso